00317 2200121 4500001002100000008004100021035002000062245003800082100001800120260003300138084001400171650001000185INLIS000000000001016 ind  a0010-0325001012 aKumpulan Pidato Untuk Anak Muslim aHakim, Lukman bMEDIA PUSTAKA SIDOARJOc2018 a815.HAK.K aAgama